[Event "AUT-ch"]
[Site "AUT"]
[Date "1996.??.??"]
[Round "3"]
[White "Danner, Georg"]
[Black "Loebler, Heimo"]
[Result "1/2-1/2"]
[WhiteElo "2375"]
[BlackElo "2275"]

1.d4 Nf6 2.Nf3 g6 3.c4 Bg7 4.Nc3 O-O 5.e4 d6 6.Be2 e5 7.d5 Qe8 8.O-O a5 9.Ne1 Na6
10.Nd3 Nd7 11.Bg5 Ndc5 12.f3 Bd7 13.Rb1 f5 14.b3 b6 15.a3 Nxd3 16.Bxd3 Nc5
17.Bc2 Bf6 18.Be3 Qe7 19.b4 axb4 20.axb4 Nb7 21.Ba4 Bxa4 22.Nxa4 Bg5 23.Bf2 fxe4
24.fxe4 Rf4 25.Nc3 Raf8 26.Qe2 Qf6 27.Nb5 Rf7 28.g3 Rf3 29.Kg2 Qd8 30.Bg1 Rxf1
31.Rxf1 Rxf1 32.Kxf1 Qc8 33.Kg2 Nd8 34.h3 Nf7 35.g4 Be7 36.Be3 Kg7 37.Qf3 Bf8
38.Qf1 Be7 39.Qa1 Bd8 40.Qa7 h5 41.Kg3 Kg8 42.gxh5 gxh5 43.Qa1 Ng5 44.Bxg5 Bxg5
45.Qd1 Qf8 46.Qf3 Bf4+ 47.Kf2 Qf7 48.Ke2 Kh7 49.Kd3 Kh6 50.Nc3 Qg8 51.Ne2 Qa8
52.Nxf4 Qa3+ 53.Ke2 Qb2+ 54.Ke3 Qc1+ 55.Kf2 exf4 56.Kg2 Kg5 57.c5 bxc5 58.bxc5 Qd2+
59.Kh1 Qe1+ 60.Kg2 dxc5 61.Qd3 h4 62.d6 f3+ 63.Qxf3 Qd2+ 64.Kf1 Qc1+  1/2-1/2

[Event "AUT-ch"]
[Site "AUT"]
[Date "1996.??.??"]
[Round "5"]
[White "Knoflicek, Ctibor"]
[Black "Schumi, Manfred"]
[Result "1/2-1/2"]
[WhiteElo "2150"]
[BlackElo "2245"]

1.c4 g6 2.Nc3 Bg7 3.d4 Nf6 4.e4 d6 5.Nf3 O-O 6.Be2 e5 7.O-O Na6 8.Re1 c6
9.Bf1 Bg4 10.dxe5 Bxf3 11.Qxf3 dxe5 12.Bg5 Qe7 13.g3 Nc5 14.Bh3 a5 15.Rad1 h6
16.Bc1 Rfd8 17.b3 Nh7 18.Rxd8+ Rxd8 19.Rd1 Re8 20.Ba3 Ng5 21.Qg2  1/2-1/2

[Event "AUT-ch"]
[Site "AUT"]
[Date "1996.??.??"]
[Round "6"]
[White "Detter, Peter"]
[Black "Brandstaetter, Friedrich"]
[Result "1/2-1/2"]
[WhiteElo "2260"]
[BlackElo "2115"]

1.Nf3 Nf6 2.c4 g6 3.Nc3 Bg7 4.e4 d6 5.d4 O-O 6.Be2 e5 7.dxe5 dxe5 8.Qxd8 Rxd8
9.Bg5 c6 10.Nxe5 Re8 11.O-O-O Na6 12.Rd6 Be6 13.f4 Nc5 14.Bf3 h6 15.Bh4 Nh7
16.Bf2 Na6 17.b3 g5 18.g3 Bh3 19.Rhd1 Nf8 20.Bh5 Rxe5 21.fxe5 Bxe5 22.R6d3 Nb4
23.Rd8 Rxd8 24.Rxd8 Bf6 25.Rxf8+ Kxf8 26.Bc5+ Be7 27.Bxe7+ Kxe7  1/2-1/2

[Event "Wch Seniors"]
[Site "Bad Liebenzell"]
[Date "1996.??.??"]
[Round "9"]
[White "Shestoperov, Aleksej"]
[Black "Uhlmann, Wolfgang"]
[Result "0-1"]
[WhiteElo "2415"]
[BlackElo "2460"]

1.d4 Nf6 2.c4 g6 3.Nc3 Bg7 4.e4 d6 5.Be2 O-O 6.Nf3 e5 7.d5 Na6 8.Nd2 c5 9.h4 h5
10.Nf3 Nc7 11.Ng5 Bd7 12.a3 b6 13.Be3 Ng4 14.Bxg4 Bxg4 15.Qd2 Bd7 16.O-O-O Qe7
17.f3 f6 18.Nh3 b5 19.cxb5 Rfb8 20.Nf2 Nxb5 21.Nxb5 Rxb5 22.Rdg1 Rab8 23.g4 hxg4
24.h5 f5 25.Bg5 Bf6 26.Bxf6 Qxf6 27.fxg4 Rxb2 28.Qxb2 Rxb2 29.gxf5 Rxf2 30.Rxg6+ Qxg6
31.hxg6 Bb5 32.Rh7 Bd3 33.Rxa7 Bxe4 34.Ra8+ Kg7 35.Ra7+ Kf8 36.Ra8+ Ke7 37.Ra7+ Ke8
38.Ra8+ Kd7 39.Ra7+ Kd8 40.Ra8+ Kc7 41.Ra7+ Kb6 42.Rd7 Rxf5 43.Rxd6+ Kb5
44.g7 Rg5 45.Rd7 Kc4 46.d6 Kd5  0-1

[Event "Wch Seniors"]
[Site "Bad Liebenzell"]
[Date "1996.??.??"]
[Round "10"]
[White "Bouwmeester, Hans"]
[Black "Igney, Volkhard"]
[Result "1/2-1/2"]
[WhiteElo "2410"]
[BlackElo "2235"]

1.Nf3 Nf6 2.c4 g6 3.Nc3 Bg7 4.d4 O-O 5.e4 d6 6.Be2 e5 7.dxe5 dxe5 8.Qxd8 Rxd8
9.Bg5 Re8 10.Nd5 Nxd5 11.cxd5  1/2-1/2

[Event "Wch Seniors"]
[Site "Bad Liebenzell"]
[Date "1996.??.??"]
[Round "11"]
[White "Lieb, Harald"]
[Black "Winiwarter, Felix"]
[Result "1-0"]
[WhiteElo "2235"]
[BlackElo "2245"]

1.d4 Nf6 2.c4 g6 3.Nc3 Bg7 4.e4 d6 5.Be2 O-O 6.Nf3 e5 7.O-O Nbd7 8.Be3 c6
9.d5 c5 10.Ne1 Qe7 11.Nd3 a6 12.f3 Rb8 13.a4 b6 14.a5 bxa5 15.Rxa5 Nh5 16.Qd2 f5
17.exf5 gxf5 18.g4 fxg4 19.fxg4 Rxf1+ 20.Kxf1 Nf4 21.Nxf4 exf4 22.Bxf4 Ne5
23.h3 h5 24.Nd1 hxg4 25.hxg4 Nxg4 26.Ra3 Qh4 27.Kg2 Bf5 28.Bg3 Qh5 29.Bf3 Re8
30.Nf2 Bd4 31.Qf4 Rf8 32.Nxg4 Bxg4 33.Qxg4+  1-0

[Event "Bagneux"]
[Site "Bagneux"]
[Date "1996.??.??"]
[Round "9"]
[White "Bartha, Sandor"]
[Black "Sinkovics, Peter"]
[Result "0-1"]
[WhiteElo "2240"]
[BlackElo "2405"]

1.d4 Nf6 2.c4 g6 3.Nc3 Bg7 4.e4 d6 5.Nf3 O-O 6.Be2 e5 7.d5 a5 8.O-O Nbd7
9.Be3 Nc5 10.Bxc5 dxc5 11.Nxe5 Nxe4 12.Nxe4 Bxe5 13.Qc2 Bf5 14.Bd3 Bd4 15.Kh1 Re8
16.f3 c6 17.dxc6 bxc6 18.Rab1 Be6 19.b3 f5 20.Nc3 Qf6 21.Rbc1 Bf7 22.Ne2 Be3
23.Rcd1 Re5 24.Ng3 Qh4 25.Ne2 f4 26.h3 Be6 27.Ng1 Rg5  0-1

[Event "Balatonalm di op"]
[Site "Balaton"]
[Date "1996.??.??"]
[Round "6"]
[White "Kovacs, Elod"]
[Black "Goczo, Melinda"]
[Result "1-0"]
[WhiteElo "2320"]
[BlackElo "2115"]

1.d4 Nf6 2.c4 g6 3.Nc3 Bg7 4.e4 d6 5.Be2 O-O 6.Nf3 e5 7.Be3 Nbd7 8.O-O a6
9.d5 Ne8 10.Nd2 f5 11.f3 f4 12.Bf2 g5 13.b4 Qe7 14.Na4 Ndf6 15.c5 Qf7 16.cxd6 Nxd6
17.Rc1 h5 18.Nc5 Kh8 19.Nd3 Nfe8 20.Nc4 Nxc4 21.Rxc4 Rg8 22.Qa1 Qe7 23.Rfc1 b6
24.Bxb6 cxb6 25.Rxc8 Rxc8 26.Rxc8 Nd6 27.Rxg8+ Kxg8 28.Qc3 Kh7 29.Qc6 Qd8
30.a4 a5 31.bxa5 bxa5 32.Nc5 Bf6 33.Ne6 Qb8 34.Qd7+ Kh6 35.h3 Qb6+ 36.Kh2 Qb8
37.Ba6 Qb6 38.Nf8 Bg7 39.Qe6+  1-0

[Event "Balatonalm di op"]
[Site "Balaton"]
[Date "1996.??.??"]
[Round "6"]
[White "Hellsten, Johan"]
[Black "Purtov, Andrei"]
[Result "0-1"]
[WhiteElo "2475"]
[BlackElo "2400"]

1.d4 Nf6 2.c4 g6 3.Nc3 Bg7 4.e4 d6 5.Nf3 O-O 6.Be2 e5 7.Be3 Nbd7 8.O-O c6
9.d5 c5 10.Nd2 Ne8 11.Rb1 Kh8 12.Qc2 b6 13.b4 f5 14.f3 Ndf6 15.a4 Nh5 16.a5 Nf4
17.Kh1 Nf6 18.Bd1 N6h5 19.Rf2 cxb4 20.Na4 bxa5 21.Nf1 Ba6 22.c5 Bd3 23.Qa2 fxe4
24.Rc1 exf3 25.Bxf3 e4 26.Bxh5 Nxh5 27.c6 Qc7 28.Kg1 Rxf2 29.Qxf2 Rf8 30.Qa2 Qf7
31.Ng3 Nf6 32.c7 Rc8 33.Rc6 Qxd5 34.Qxd5 Nxd5 35.Bxa7 Rxc7 36.Rxd6 Rxa7 37.Rxd5 h5
38.Nc5 Re7  0-1

[Event "Balatonalm di op"]
[Site "Balaton"]
[Date "1996.??.??"]
[Round "8"]
[White "Hellsten, Johan"]
[Black "Gara, Anita"]
[Result "1-0"]
[WhiteElo "2475"]
[BlackElo "2065"]

1.d4 Nf6 2.c4 g6 3.Nc3 Bg7 4.e4 d6 5.Nf3 O-O 6.Be2 e5 7.d5 a5 8.Bg5 h6 9.Bh4 Na6
10.Nd2 Qe8 11.O-O Nh7 12.a3 Bd7 13.Kh1 h5 14.f3 a4 15.Nb5 Bh6 16.b4 axb3
17.Nxb3 Qb8 18.Qc2 Be3 19.Qc3 Bb6 20.f4 Qe8 21.f5 f6 22.fxg6 Qxg6 23.Bd3 Kh8
24.Qd2 Ng5 25.Qe1 Rg8 26.Ra2 Raf8 27.a4 Bxb5 28.cxb5 Nc5 29.Nxc5 Bxc5 30.a5 Rf7
31.Rf5 Nh3 32.Qd1 Nf4 33.g3 Bd4 34.h3 Nxh3 35.Qxh5+ Qxh5 36.Rxh5+ Kg7 37.Rf5 Kg6
38.Kg2 Ng5 39.Rc2 Bc5 40.Rc1 Rgf8 41.Rb1 Ra8 42.a6 Bb6 43.Rff1 bxa6 44.bxa6 Nh7
45.Rb3 Rff8 46.Kh3 Rfb8 47.Kg4 Rg8 48.Be2 Rgf8 49.Bb5 Ra7 50.Bd7 Rxa6 51.Bf5+ Kg7
52.Bxh7 Kxh7 53.Kf5 Raa8 54.Rh1 Kg7 55.g4 Ra2 56.Rbh3 Kf7 57.Be1 Re2 58.Rh7+ Ke8
59.Ke6 Kd8 60.Rh8 Ke8 61.R1h7  1-0

[Event "Balatonalm di op"]
[Site "Balaton"]
[Date "1996.??.??"]
[Round "9"]
[White "Papp, Zsolt"]
[Black "Peredy, Ferenc"]
[Result "1-0"]
[WhiteElo "2135"]
[BlackElo "2365"]

1.d4 Nf6 2.c4 g6 3.Nf3 Bg7 4.Nc3 O-O 5.e4 d6 6.Be2 e5 7.Bg5 h6 8.Bh4 Nc6
9.d5 Ne7 10.Nd2 Ne8 11.f3 f5 12.O-O f4 13.b4 a5 14.a3 Bf6 15.Bf2 Kh8 16.Kh1 Ng8
17.Rc1 Bh4 18.c5 Bd7 19.Bg1 axb4 20.axb4 Qe7 21.Nc4 h5 22.Qb3 g5 23.Ra1 Nef6
24.Na5 Rab8 25.c6 bxc6 26.dxc6 Be6 27.Bc4 Bxc4 28.Qxc4 g4 29.b5 gxf3 30.gxf3 Ne8
31.Ra2 Ngf6 32.Rfa1 Qf7 33.Qxf7 Rxf7 34.Ba7 Rc8 35.Kg2 Rg7+ 36.Kf1 Rf7 37.Ke2 Ng7
38.Nb7 Nfe8 39.Nd5 Ne6 40.Kd3 Kg7 41.Bg1 Nf6 42.Ra8 Rcf8 43.b6 Ne8 44.R1a7 Bg5
45.Nxd6 cxd6 46.b7 N8c7 47.Rc8  1-0

[Event "Balatonbereny IM-A"]
[Site "Balatonbereny"]
[Date "1996.??.??"]
[Round "7"]
[White "Kiss, Pal"]
[Black "Gross, Dav"]
[Result "0-1"]
[WhiteElo "2485"]
[BlackElo "2365"]

1.d4 Nf6 2.c4 g6 3.Nc3 Bg7 4.e4 d6 5.Nf3 O-O 6.Be2 e5 7.d5 a5 8.Bg5 Na6 9.Nd2 Qe8
10.O-O h5 11.f3 Nh7 12.Be3 f5 13.a3 f4 14.Bf2 g5 15.b4 Qg6 16.c5 g4 17.Bh4 Bf6
18.Qe1 Rf7 19.cxd6 cxd6 20.Nc4 Rg7 21.Bxf6 Nxf6 22.Qh4 gxf3 23.Bxf3 Bg4 24.Bxg4 hxg4
25.Nxd6 g3  0-1

[Event "Balatonbereny IM-A"]
[Site "Balatonbereny"]
[Date "1996.??.??"]
[Round "11"]
[White "Kiss, Pal"]
[Black "Habibi, Ali"]
[Result "0-1"]
[WhiteElo "2485"]
[BlackElo "2405"]

1.d4 d6 2.Nf3 Nd7 3.c4 g6 4.Nc3 Bg7 5.e4 e5 6.Be2 Ngf6 7.O-O O-O 8.Re1 Re8
9.d5 Rf8 10.Bg5 h6 11.Bh4 g5 12.Bg3 Nh5 13.Nd2 Nf4 14.Nf1 f5 15.exf5 Nxe2+
16.Qxe2 Rxf5 17.f3 Rf7 18.Ne4 a5 19.Bf2 b6 20.b3 Nf8 21.a3 Ng6 22.Ne3 Nf4
23.Qc2 h5 24.b4 h4 25.Rac1 axb4 26.axb4 h3 27.g3 Nh5 28.g4 Nf4 29.Ng3 Ra3
30.Qb2 Rd3 31.Qc2 Ra3 32.Rcd1 Bd7 33.Qb2 Ra4 34.Nef5 Qf8 35.Re3 Qa8 36.c5 bxc5
37.bxc5 Ra2 38.Qb1 Rf8 39.cxd6 cxd6 40.Rb3 Qa6 41.Re1 Ne2+ 42.Nxe2 Bxf5 43.gxf5 Rxe2
44.Rxe2 Qxe2 45.f6 Rxf6 46.Rb8+ Bf8 47.Rb7 Rf5  0-1

[Event "Balatonbereny IM-B"]
[Site "Balatonbereny"]
[Date "1996.??.??"]
[Round "11"]
[White "Petran, Pal"]
[Black "Kahn, Evarth"]
[Result "1/2-1/2"]
[WhiteElo "2440"]
[BlackElo "2315"]

1.d4 Nf6 2.c4 g6 3.Nc3 Bg7 4.e4 O-O 5.Nf3 d6 6.Be2 e5 7.dxe5 dxe5 8.Qxd8 Rxd8
9.Bg5 Nbd7 10.O-O-O Rf8 11.Nd5 c6 12.Nxf6+ Nxf6 13.Nd2 Ng4 14.Bh4 Be6 15.h3 Nh6
16.g4 f6 17.Nb3 Nf7 18.Nc5 Bc8 19.f3 g5 20.Bf2 b6 21.Na4 Be6 22.b4 Rfd8 23.Kb2 Bf8
24.c5 b5 25.Nc3 a5 26.a3 Rxd1 27.Rxd1 axb4 28.axb4 Be7 29.Bd3 Nh8 30.Bc2 Ng6
31.Bb3 Bxb3 32.Kxb3 Nf8 33.h4 h6 34.h5 Kf7 35.Be3 Ne6 36.Rd7 Rd8 37.Rxd8  1/2-1/2

[Event "Regionalliga NO9697"]
[Site "Bayern"]
[Date "1996.??.??"]
[Round "?"]
[White "Rausch, Wolfgang"]
[Black "Prusikin, Mikhajlo"]
[Result "0-1"]
[WhiteElo "2130"]
[BlackElo "2450"]

1.Nf3 Nf6 2.c4 g6 3.Nc3 Bg7 4.d4 O-O 5.e4 d6 6.Be2 Nbd7 7.O-O e5 8.Re1 c6
9.d5 c5 10.a3 Ne8 11.b4 f5 12.Nd2 b6 13.Rb1 Ndf6 14.bxc5 bxc5 15.Rb3 Bh6
16.Bf3 Ng7 17.Qc2 Rf7 18.Bb2 Qf8 19.Ba1 g5 20.exf5 g4 21.Be4 Nfh5 22.Nf1 Nxf5
23.Bxf5 Bxf5 24.Ne4 Qg7 25.Qb2 Bxe4 26.Rxe4 Raf8 27.Ng3 Qg6 28.Qe2 Nf6 29.Rb2 Nxe4
30.Qxe4 Qg5 31.Qe1 Qc1 32.Kf1 Qxc4+  0-1

[Event "Regionalliga NO9697"]
[Site "Bayern"]
[Date "1996.??.??"]
[Round "?"]
[White "Stierhof, Michael"]
[Black "Schroll, Ralph"]
[Result "1-0"]
[WhiteElo "2085"]
[BlackElo "2190"]

1.Nf3 Nf6 2.c4 g6 3.Nc3 Bg7 4.e4 d6 5.d4 O-O 6.Be2 Nbd7 7.O-O e5 8.Re1 Re8
9.Bf1 c6 10.d5 cxd5 11.cxd5 a6 12.Bd2 Nf8 13.a4 Nh5 14.a5 f5 15.exf5 Bxf5
16.Ra4 Nf6 17.Ng5 h6 18.Nge4 N8h7 19.Qb3 Rb8 20.Rb4 Nxe4 21.Nxe4 Bxe4 22.Rbxe4 Nf6
23.Rc4 Kh7 24.Bd3 Qd7 25.Qc2 e4 26.Bxe4 Nxe4 27.Rcxe4 Rxe4 28.Qxe4 Bxb2 29.Qh4  1-0

[Event "Regionalliga NW9596"]
[Site "Bayern"]
[Date "1996.??.??"]
[Round "?"]
[White "Neubert, Marcus"]
[Black "Bauer, Karl Heinz"]
[Result "1-0"]
[WhiteElo "2020"]
[BlackElo "2000"]

1.d4 Nf6 2.Nf3 g6 3.c4 Bg7 4.Nc3 O-O 5.e4 d6 6.Be2 e5 7.d5 a5 8.Bg5 Na6 9.Nd2 Nc5
10.O-O h6 11.Bh4 Bd7 12.b3 Qe8 13.a3 Nh7 14.b4 axb4 15.axb4 Rxa1 16.Qxa1 Na6
17.Qa5 Qc8 18.c5 Nb8 19.Nb5 Bxb5 20.Bxb5 g5 21.Bg3 Nd7 22.cxd6 c6 23.dxc6 bxc6
24.Rc1 Nb8 25.Bxc6 Nxc6 26.Qb6 Qe6 27.Qxc6 Qa2 28.Nc4 g4 29.d7 Ng5 30.Bxe5 Qe2
31.Bxg7 Kxg7 32.Nd6 Nh3+ 33.gxh3 gxh3 34.Nf5+ Kg8 35.Qd6 f6 36.Qxf8+  1-0

[Event "Regionalliga SO9697"]
[Site "Bayern"]
[Date "1996.??.??"]
[Round "?"]
[White "Riediger, Martin"]
[Black "Koenig, Bernhard"]
[Result "1-0"]
[WhiteElo "2230"]
[BlackElo "2160"]

1.Nf3 Nf6 2.c4 g6 3.Nc3 Bg7 4.e4 d6 5.d4 O-O 6.Be2 e5 7.O-O Na6 8.Re1 c6
9.Bg5 h6 10.Bh4 Qe7 11.c5 Rd8 12.cxd6 Rxd6 13.Bxa6 bxa6 14.Qa4 exd4 15.e5 g5
16.exf6  1-0

[Event "Regionalliga SW9596"]
[Site "Bayern"]
[Date "1996.??.??"]
[Round "?"]
[White "Rinkewitz, Werner"]
[Black "Schulz, Juergen"]
[Result "1/2-1/2"]
[WhiteElo "1885"]
[BlackElo "2120"]

1.d4 Nf6 2.c4 g6 3.Nc3 Bg7 4.e4 d6 5.Nf3 O-O 6.Be2 e5 7.dxe5 dxe5 8.Qxd8 Rxd8
9.Bg5 Re8 10.Nd5 Nxd5 11.cxd5 c6 12.Bc4 cxd5 13.Bxd5 Nd7 14.Rc1 Nb6 15.Bb3 Bg4
16.Ke2 Rac8  1/2-1/2

[Event "Regionalliga SO9697"]
[Site "Bayern"]
[Date "1996.??.??"]
[Round "?"]
[White "Kislinger, Georg"]
[Black "Schmidbauer, Franz"]
[Result "1-0"]
[WhiteElo "2040"]
[BlackElo "1905"]

1.d4 Nf6 2.Nf3 g6 3.c4 Bg7 4.Nc3 O-O 5.e4 d6 6.Be2 e5 7.d5 Nbd7 8.Bg5 h6
9.Bh4 g5 10.Bg3 Nh5 11.h4 Nxg3 12.fxg3 g4 13.Nd2 h5 14.O-O Nf6 15.Bd3 a6
16.Qe2 Bh6 17.Rf2 Kg7 18.Raf1 Ng8 19.Re1 Bd7 20.Nf1 Ne7 21.Ne3 Rb8 22.b4 a5
23.a3 axb4 24.axb4 Ra8 25.c5 Ra3 26.Qb2 Qa8 27.Nc4 Rxc3 28.Qxc3 f6 29.cxd6 cxd6
30.Nxd6 Qa7 31.Qc7 Be3 32.Rxe3 Qxe3 33.Qxd7 Qxd3 34.Qxe7+ Kg8 35.Nf5  1-0

[Event "Regionalliga SO9697"]
[Site "Bayern"]
[Date "1996.??.??"]
[Round "?"]
[White "Kunze, Holger"]
[Black "Kalwa, Johannes"]
[Result "1-0"]
[WhiteElo "2090"]
[BlackElo "1980"]

1.d4 Nf6 2.c4 g6 3.Nc3 Bg7 4.e4 d6 5.Nf3 O-O 6.Be2 e5 7.d5 a5 8.Bg5 h6 9.Bh4 Nbd7
10.Nd2 Nc5 11.b3 g5 12.Bg3 Nfxe4 13.Ndxe4 Nxe4 14.Nxe4 f5 15.Bd3 fxe4 16.Bxe4 Qf6
17.h4 Bf5 18.hxg5 Qxg5 19.Qc2 Qg6 20.Bxf5 Qxf5 21.Qxf5 Rxf5 22.a4 Re8 23.Ra2 Kh7
24.Re2 e4 25.Rh4 Bc3+ 26.Kd1 e3 27.Rxe3 Rxe3 28.fxe3 Rf1+ 29.Kc2 Bg7 30.c5 Bf8
31.Rf4  1-0

[Event "Oberliga Bayern9596"]
[Site "Bayern"]
[Date "1996.??.??"]
[Round "?"]
[White "Schoenau, Werner"]
[Black "Zahn, Wolfgang"]
[Result "0-1"]
[WhiteElo "2305"]
[BlackElo "2295"]

1.d4 Nf6 2.Nf3 g6 3.c4 Bg7 4.Nc3 O-O 5.e4 d6 6.Be2 e5 7.d5 a5 8.Bg5 h6 9.Bh4 Na6
10.Nd2 g5 11.Bg3 Ne8 12.Bg4 Nc5 13.Bxc8 Rxc8 14.Qe2 f5 15.exf5 Qd7 16.Nde4 Nxe4
17.Nxe4 Nf6 18.f3 Qxf5 19.h4 Qg6 20.hxg5 Nxe4 21.fxe4 Qxg5 22.Bh4 Qg6 23.O-O-O Rf4
24.Rde1 Rcf8 25.Qe3 Qxg2 26.Rhg1 Qf3 27.Qxf3 Rxf3 28.Rg6 Rf1 29.Kc2 Rxe1
30.Bxe1 b6 31.Bh4 Kf7 32.Rg2 Bf6 33.Rf2 Ke7 34.Bxf6+ Rxf6 35.Rh2 Kf7 36.Kd3 Kg6
37.Rg2+ Kh7 38.Rh2 Rf1 39.Ke2 Rg1 40.Kf2 Rc1 41.Ke3 Rxc4 42.Rf2 h5 43.Kd3 Rc5
44.Rf1 b5 45.Rf2 Kg6 46.Ke3 b4 47.Rg2+ Kh6 48.Kf3 h4 49.Rg8 Kh5 50.Ke3 b3
51.Rh8+ Kg4 52.Rg8+ Kh3 53.axb3 Rb5 54.Ra8 Rxb3+ 55.Kf2 Rxb2+ 56.Kf3 Rb3+
57.Kf2 Kg4 58.Rxa5 Kf4 59.Ra4 Rb2+ 60.Kg1 Rc2 61.Rb4 Ke3 62.Ra4 Kd3  0-1

[Event "Regionalliga SO9596"]
[Site "Bayern"]
[Date "1996.??.??"]
[Round "?"]
[White "Kislinger, Georg"]
[Black "Gibis, Reinhard"]
[Result "0-1"]
[WhiteElo "2025"]
[BlackElo "2030"]

1.d4 Nf6 2.c4 g6 3.Nc3 Bg7 4.e4 d6 5.Nf3 O-O 6.Be2 e5 7.d5 a5 8.Bg5 Na6 9.Nd2 Nc5
10.O-O Bd7 11.b3 h6 12.Bh4 Qe8 13.a3 Nh7 14.b4 axb4 15.axb4 Rxa1 16.Qxa1 Na6
17.Qa3 f5 18.f3 Rf7 19.c5 Nb8 20.Qa7 Qc8 21.cxd6 cxd6 22.Rc1 Nf6 23.Nb3 Qe8
24.Bxf6 Bxf6 25.Qb6 Bg5 26.Rc2 Qf8 27.Ra2 Qc8 28.Rc2 fxe4 29.Qxd6 Be3+ 30.Kh1 exf3
31.Bxf3 Qc4 32.Qxb8+ Rf8 33.Be2 Qf4 34.Qxf8+ Qxf8 35.Bf3 Qxb4 36.Nc1 Ba4  0-1

[Event "Regionalliga NO9596"]
[Site "Bayern"]
[Date "1996.??.??"]
[Round "?"]
[White "Heumann, Joern"]
[Black "Steibl, Hans Dieter"]
[Result "1-0"]
[WhiteElo "2010"]
[BlackElo "2050"]

1.d4 Nf6 2.c4 g6 3.Nc3 Bg7 4.e4 d6 5.Nf3 O-O 6.Be2 e5 7.O-O c6 8.Re1 Nbd7
9.Bf1 Re8 10.Rb1 exd4 11.Nxd4 Nc5 12.f3 a5 13.Nc2 Qe7 14.Be3 Nfd7 15.Qd2 Ne5
16.Rbd1 Bf8 17.b3 Qc7 18.Qf2 Bg7 19.Qd2 Bf8 20.Qf2 Bg7 21.Qd2 Bf8 22.Nd4 Ne6
23.Kh1 Nxd4 24.Bxd4 Be6 25.Qf2 Nd7 26.Qg3 Rac8 27.Bd3 Nc5 28.Bc2 a4 29.f4 axb3
30.axb3 Na6 31.f5 Nb4 32.Bb1 Bd7 33.e5 dxe5 34.Bxe5 Rxe5 35.Qxe5 Qxe5 36.Rxe5 Bg7
37.Re3 Bxf5 38.Bxf5 gxf5 39.Ne2 Rc7 40.Rf3 Nc2 41.Rd2  1-0

[Event "Tan Cup"]
[Site "Beijing"]
[Date "1996.??.??"]
[Round "4"]
[White "Xu Jun"]
[Black "Peng Xiaomin"]
[Result "1/2-1/2"]
[WhiteElo "2505"]
[BlackElo "2490"]

1.d4 Nf6 2.c4 g6 3.Nc3 Bg7 4.e4 d6 5.Nf3 O-O 6.Be2 e5 7.d5 a5 8.Bg5 h6 9.Bh4 Na6
10.Nd2 Bd7 11.a3 Qe8 12.b3 Nh7 13.O-O Bf6  1/2-1/2

[Event "Tan Cup"]
[Site "Beijing"]
[Date "1996.??.??"]
[Round "6"]
[White "Li Wenliang"]
[Black "Peng Xiaomin"]
[Result "1/2-1/2"]
[WhiteElo "2425"]
[BlackElo "2490"]

1.d4 Nf6 2.c4 g6 3.Nc3 Bg7 4.e4 d6 5.Be2 O-O 6.Nf3 e5 7.O-O exd4 8.Nxd4 Re8
9.f3 Nc6 10.Be3 Nh5 11.Qd2 Nf4 12.Nxc6 Nxe2+ 13.Nxe2 bxc6 14.Bd4 Bxd4+ 15.Nxd4 c5
16.Nc2 Bb7 17.Ne3 h5 18.a3 a5 19.b4 axb4 20.axb4 Qg5 21.Rxa8 Rxa8 22.Re1 Ra3
23.bxc5 Qxc5 24.Kh1 Qe5 25.Rc1 Qg5 26.Re1 Qe5 27.Rc1  1/2-1/2

[Event "Lee Cup"]
[Site "Beijing"]
[Date "1996.??.??"]
[Round "7"]
[White "Li Wenliang"]
[Black "Szekely, Peter"]
[Result "1/2-1/2"]
[WhiteElo "2425"]
[BlackElo "2455"]

1.d4 Nf6 2.c4 g6 3.Nc3 Bg7 4.e4 d6 5.Nf3 O-O 6.Be2 e5 7.O-O exd4 8.Nxd4 c6
9.Nc2 Re8 10.f3 Na6 11.Kh1 Nc7 12.Be3 d5 13.exd5 cxd5 14.c5 Bf5 15.Bg1 Nh5
16.Nd4 Nf4 17.Re1 Qg5 18.Bf1 Bd3 19.Nce2 Bxd4 20.Nxd4 Rxe1 21.Qxe1 Re8 22.Qf2 Bxf1
23.Qxf1 Nfe6 24.Nb3 Qf6 25.Qf2 Nf4 26.Nd4 Nce6 27.Nxe6  1/2-1/2

[Event "Lee Cup"]
[Site "Beijing"]
[Date "1996.??.??"]
[Round "9"]
[White "Xu Jun"]
[Black "Wang Pin"]
[Result "1-0"]
[WhiteElo "2505"]
[BlackElo "2345"]

1.d4 Nf6 2.Nf3 g6 3.c4 Bg7 4.Nc3 O-O 5.e4 d6 6.Be2 e5 7.d5 a5 8.Bg5 h6 9.Bh4 Na6
10.Nd2 Qe8 11.O-O Nh7 12.a3 Bd7 13.b3 h5 14.f3 Bf6 15.Bf2 h4 16.Rb1 Bg5 17.b4 axb4
18.axb4 Qe7 19.c5 Bf4 20.Nc4 Qg5 21.Kh1 Nf6 22.Qe1 dxc5 23.bxc5 Kg7 24.Bxh4 Qh6
25.g3 Bg5 26.Bxg5 Qxg5 27.Qc1 Qh5 28.Qe3 Rh8 29.Rf2 b5 30.cxb6 cxb6 31.Nxb6  1-0

[Event "Belgrade"]
[Site "Belgrade"]
[Date "1996.??.??"]
[Round "2"]
[White "Karpov, Anatoly"]
[Black "Ilincic, Zlatko"]
[Result "1-0"]
[WhiteElo "2770"]
[BlackElo "2555"]

1.Nf3 Nf6 2.c4 g6 3.Nc3 Bg7 4.e4 d6 5.d4 O-O 6.Be2 e5 7.O-O Na6 8.Re1 c6
9.Bf1 Bg4 10.d5 Nb4 11.Be2 a5 12.Bg5 h6 13.Be3 Qc7 14.h3 Bxf3 15.Bxf3 c5
16.Rf1 Qe7 17.Qd2 Kh7 18.Rae1 Na6 19.Bd1 Nc7 20.g3 Nd7 21.Bc2 Nb6 22.Bd3 Qd7
23.Kg2 Na4 24.Rb1 Rfb8 25.Bc2 Nxc3 26.bxc3 a4 27.Rb6 Ra7 28.Rfb1 Na8 29.R6b5 b6
30.f4 f6 31.f5 g5 32.h4 Rh8 33.Rh1 Kg8 34.Rbb1 Ra6 35.Rbf1 Qd8 36.Qd1 a3
37.Ba4 Nc7 38.Bc6 Kf7 39.Qh5+ Kg8 40.Rb1 Qb8 41.Qg6 Qf8 42.hxg5 fxg5 43.Bxg5 hxg5
44.Rxh8+ Kxh8 45.Rh1+ Kg8 46.Qh7+ Kf7 47.f6 Qh8 48.Qf5  1-0

[Event "Belgrade Yugometal (Women)"]
[Site "Belgrade"]
[Date "1996.??.??"]
[Round "7"]
[White "Ioseliani, Nana"]
[Black "Peng, Zhaoqin"]
[Result "1/2-1/2"]
[WhiteElo "2500"]
[BlackElo "2375"]

1.d4 Nf6 2.Nf3 g6 3.c4 Bg7 4.Nc3 O-O 5.e4 d6 6.Be2 e5 7.Be3 exd4 8.Nxd4 Re8
9.f3 c6 10.Qd2 d5 11.exd5 cxd5 12.c5 Nc6 13.Bf2 Nh5 14.O-O Be5 15.g3 Ng7
16.Bb5 Bd7 17.Nde2 Be6 18.Rfe1 Nf5 19.Rad1 Qf6 20.f4 Bxc3 21.Qxc3 Qe7 22.g4 d4
23.Bxd4 Nfxd4 24.Nxd4 Qh4 25.Nxc6 Bxg4 26.Nd4 Bxd1 27.Bxe8 Rd8 28.Qe3 Rxd4
29.Bxf7+ Kf8 30.Qe8+ Kg7 31.Qg8+ Kh6 32.Qf8+ Kh5 33.Re5+ Kg4 34.Qb8 Qd8 35.Rg5+ Kh4
36.Qxd8 Rxd8 37.Rd5 Rf8 38.Be6 Bf3 39.Rd4 Kh5 40.Kf2 Bc6 41.b4 Rf6 42.Bh3 Kh4
43.Bg2 Bxg2 44.Kxg2 Kg4 45.h3+ Kf5 46.Kf3 Ra6 47.Rd5+ Ke6 48.Rd2 Ra4 49.b5 Rc4
50.Rd6+ Ke7 51.Rd5 h5 52.h4 Ke6 53.Rd6+ Kf5 54.Rd5+ Ke6 55.Rg5 Kf6 56.Ke3 Rb4
57.c6 bxc6 58.bxc6 Rc4 59.Ra5 Rxc6 60.Rxa7 Kf5 61.Ra4  1/2-1/2

[Event "Benasque op"]
[Site "Benasque"]
[Date "1996.??.??"]
[Round "3"]
[White "Brito, Alfredo"]
[Black "Becerra Rivero, Julio"]
[Result "1/2-1/2"]
[WhiteElo "2395"]
[BlackElo "2545"]

1.d4 Nf6 2.c4 g6 3.Nc3 Bg7 4.e4 O-O 5.Nf3 d6 6.Be2 Nbd7 7.O-O e5 8.Be3 exd4
9.Nxd4 Re8 10.f3 c6 11.Qd2 Qe7 12.Rfe1 a5 13.Rad1 a4 14.Nc2 Bf8 15.Na3 Qd8
16.Bf1 Qa5 17.Qf2 d5 18.c5 Bxc5 19.Bxc5 Qxc5 20.exd5 Rxe1 21.Rxe1 cxd5 22.Rd1 Qxf2+
23.Kxf2 Nb6 24.Bb5 Be6 25.Rd4 Kf8 26.Nxa4 Nc8 27.Bd3 Ne7 28.Nc5 Nc6 29.Ra4 Rxa4
30.Nxa4 Nb4 31.Bb1 Nd7 32.Nc2 Nc6 33.b3 Ke7 34.Ke3 Kd6 35.Nb2 Nde5 36.Nd4 Nxd4
37.Kxd4 h5 38.h4 Nc6+ 39.Ke3 d4+ 40.Kf4 Nb4 41.g4 Nd5+ 42.Kg3 hxg4 43.fxg4 Ke7
44.Be4 Nc3 45.Bxb7 Nxa2 46.Kf4 Nb4 47.h5 gxh5 48.gxh5 Bxb3 49.h6 Kf6 50.Be4 Nd5+
51.Bxd5 Bxd5  1/2-1/2

[Event "Berliner Sommer"]
[Site "Berlin"]
[Date "1996.??.??"]
[Round "1"]
[White "Lipinsky, Fabian"]
[Black "Timoshchenko, Gennadi A"]
[Result "1-0"]
[WhiteElo "2140"]
[BlackElo "2530"]

1.d4 Nf6 2.c4 g6 3.Nf3 Bg7 4.e4 d6 5.Nc3 O-O 6.Be2 Na6 7.O-O e5 8.Re1 c6
9.d5 Nc5 10.Qc2 a5 11.Be3 cxd5 12.cxd5 b6 13.Nd2 Bd7 14.f3 Nh5 15.Nc4 Qb8
16.a4 Rc8 17.Reb1 Nxa4 18.Rxa4 b5 19.Nb6 Bh6 20.Bf2 Qb7 21.Nxd7 Qxd7 22.Raa1 b4
23.Qa4 Qe7 24.Nd1 f5 25.Ne3 Rf8 26.exf5 gxf5 27.Kh1 e4 28.Re1 Nf4 29.Bf1 Qg7
30.g3 Ng6 31.Bh3 Bxe3 32.Bxe3 Qxb2 33.Qa2 Qxa2 34.Rxa2 a4 35.fxe4 b3 36.Ra3 Ne5
37.Bh6 Rf6 38.Bg5 Rf7 39.Rf1 Nc4 40.Raa1 b2 41.Ra2 a3 42.Bxf5 Rb7 43.e5 dxe5
44.Bd3 Nd6 45.Bb1 e4 46.Bf4 Rc8 47.Rxa3 Rf7 48.Re3 Rc1 49.Ree1 Rxe1 50.Rxe1 Nb5
51.Be5 Na3 52.Bxb2 Nxb1 53.Rxb1 Rb7 54.d6 Kf7 55.Rd1  1-0

[Event "Berliner Sommer"]
[Site "Berlin"]
[Date "1996.??.??"]
[Round "1"]
[White "Kacheishvili, Giorgi"]
[Black "Vandrey, Wolfgang"]
[Result "1-0"]
[WhiteElo "2515"]
[BlackElo "2260"]

1.d4 Nf6 2.c4 g6 3.Nc3 Bg7 4.e4 d6 5.Be2 O-O 6.Nf3 e5 7.Be3 Ng4 8.Bg5 f6
9.Bh4 Nd7 10.d5 Nh6 11.O-O Nf7 12.Nd2 a5 13.a3 c6 14.f3 Bh6 15.Bf2 f5 16.Qc2 Bxd2
17.Qxd2 f4 18.dxc6 bxc6 19.b4 g5 20.Rad1 axb4 21.axb4 Nf6 22.c5 dxc5 23.Bxc5 Qxd2
24.Rxd2 Re8 25.b5 Bb7 26.b6 Kg7 27.Rfd1 Kg6 28.Bc4 Reb8 29.Be7 Re8 30.Bxf6 Kxf6
31.Rd7 Re7 32.Rxe7 Kxe7  1-0